| 000 | 00733nam a22002297a 4500 | ||
|---|---|---|---|
| 999 |
_c190580 _d190580 |
||
| 005 | 20230320123759.0 | ||
| 010 | _aENG-134073 | ||
| 020 |
_a9788185984759 _c1500.00 |
||
| 035 | _aEN-117605 | ||
| 037 | _bDBAD/PUB | ||
| 082 | _a658.4013 | ||
| 100 | _aPetersson, Per | ||
| 245 |
_aLEAN: _bTurn Deviations Into Success!/ _cPer Petersson [et.all....] |
||
| 260 |
_bProductivity & Quality Publishing Pvt. Ltd. _c2010 |
||
| 270 |
_k00914424344519 _l00914424342009 _mservice@kkbooks.com |
||
| 300 |
_a219p. _c25cm(Hbk) _bAppendix, Biblography, Glossary & Index |
||
| 700 | _aJohansson, Ola | ||
| 700 | _aBroma, Martin | ||
| 700 | _aBlucher, Dan | ||
| 700 | _aAlsterman, Henric | ||
| 942 |
_2ddc _cEN _h658.4013 _mPET |
||